Nonadditive integrals as a tool for aggregation

Saved in:
Bibliographic Details
Main Author: Horanská, Ľubomíra (Author)
Other Authors: (Thesis advisor)
Format: Manuscript Book
Language:Slovak
English
Published: 2021
Subjects:
Online Access:http://is.stuba.sk/zp/portal_zp.pl?podrobnosti_zp=82466
Tags: Add Tag
No Tags, Be the first to tag this record!

MARC

LEADER 00000ntm a22000003a 4500
001 stuzp82466
003 SK-STU
005 20210327210240.6
007 ta
008 150427s2015----xo-----f-mn---000-0-slo-d
040 |a STU  |b slo 
041 0 |a eng 
100 1 |a Horanská, Ľubomíra  |u 010220  |k Z1  |4 aut  |U SvF Stavebná fakulta  |T SvF Katedra matematiky a deskriptívnej geometrie  |X 3881  |U V220  |Y 23  |7 A000003881 
242 0 1 |a Neaditívne integrály ako nástroj agregácie  |y slo 
245 1 0 |a Nonadditive integrals as a tool for aggregation 
260 |c 2021 
650 4 |a agregačná funkcia  |2 slo 
650 4 |a neaditívne integrály  |2 slo 
650 4 |a fuzzy miera  |2 slo 
650 4 |a aggregation function  |2 eng 
650 4 |a fuzzy measure  |2 eng 
650 4 |a nonadditive integrals  |2 eng 
700 1 |a ,  |4 ths  |X null  |7 null 
856 4 |u http://is.stuba.sk/zp/portal_zp.pl?podrobnosti_zp=82466 
996 |b 284V037608  |c V* 3484/HP-246  |l VVS  |s P  |a 0  |w stuzp82466_0001